[Event "POL-chT3 Dolnoslaskie 1314"]
[Site "Poland"]
[Date "2013.11.17"]
[Round "3.12"]
[White "Koszkul, Wojciech"]
[Black "Fura, Ireneusz"]
[Result "0-1"]
[WhiteElo "1941"]
[BlackElo "2009"]
[PlyCount "124"]
[EventDate "2013.10.20"]
[EventType "team-tourn"]
[EventRounds "11"]
[EventCountry "POL"]
[SourceTitle "EXT 2018"]
[Source "ChessBase"]
[SourceDate "2017.10.13"]
[SourceVersion "1"]
[SourceVersionDate "2017.10.13"]
[SourceQuality "1"]
[WhiteTeam "Przedwojow Debiut"]
[BlackTeam "Wolow WKSz"]
[WhiteTeamCountry "POL"]
[BlackTeamCountry "POL"]

1. d4 Nf6 2. Nf3 g6 3. e3 Bg7 4. Bd3 d6 5. c4 Nbd7 6. Nc3 0-0 7. 0-0 e5 8. Bc2 Re8 9. b3 a6 10. Bb2 c6 11. a4 Qc7 12. Re1 e4 13. Nd2 d5 14. a5 Nf8 15. f3 exf3 16. Qxf3 Ng4 17. Nf1 Nf6 18. cxd5 cxd5 19. h3 Be6 20. Bd3 N8d7 21. Rec1 Qd8 22. b4 Bf8 23. b5 axb5 24. Nxb5 Rc8 25. Rxc8 Qxc8 26. Rc1 Qb8 27. Nd2 Rc8 28. Bc3 Bb4 29. Rc2 Bxc3 30. Nxc3 Kg7 31. Kf2 Qa7 32. Nb5 Qb8 33. Qd1 Rxc2 34. Qxc2 Ne8 35. Nb3 Qh2 36. Kf3 h5 37. Nd2 h4 38. Nf1 Qb8 39. Qc3 Ndf6 40. e4 dxe4+ 41. Bxe4 Nxe4 42. Kxe4 Nf6+ 43. Kd3 Bf5+ 44. Kc4 Be6+ 45. Kd3 Nd5 46. Qc5 Qf4 47. Ke2 Qe4+ 48. Kf2 Nf4 49. Qe5+ Qxe5 50. dxe5 Nd3+ 51. Kg1 Nxe5 52. Nd6 Bd5 53. Ne3 Bc6 54. Kh2 f5 55. Nexf5+ gxf5 56. Nxf5+ Kf6 57. Nd6 Ke6 58. Nxb7 Bxb7 59. a6 Nf3+ 60. Kh1 Ba8 61. g3 Nd2+ 62. Kh2 Nf1+ 0-1